| 000 | 00987pam a2200289 a 4500 | ||
|---|---|---|---|
| 001 | 2422701 | ||
| 003 | NUST-PNEC | ||
| 005 | 20170116180706.0 | ||
| 008 | 870827s1988 enka bf 001 0 eng | ||
| 010 | _a 87025001 | ||
| 020 | _a0408013877 | ||
| 040 |
_aDLC _cPNEC |
||
| 050 | 0 | 0 |
_aTK5983.5 _b.L68 1988 |
| 082 | 0 | 0 |
_a621.38'0282 BOR _219 |
| 100 |
_9366 _aBorwick, John |
||
| 245 | 0 | 0 |
_aLoudspeaker and headphone handbook / _cedited by John Borwick, with specialist contributors. |
| 260 |
_aLondon ; _aBoston : _bButterworths, _c1988. |
||
| 300 |
_a573 p. : _bill. ; _c25 cm. |
||
| 500 | _aIncludes Index http://www.amazon.com/s/ref=nb_sb_noss?url=search-alias%3Dstripbooks&field-keywords=0408013877 | ||
| 504 | _aIncludes bibliographies and index. | ||
| 650 | 0 |
_aHeadphones _xHandbooks, manuals, etc. |
|
| 650 | 0 |
_aLoudspeakers _xHandbooks, manuals, etc. |
|
| 651 | _xEL | ||
| 700 | 1 | _aBorwick, John. | |
| 906 |
_a7 _bcbc _corignew _d1 _eocip _f19 _gy-gencatlg |
||
| 942 |
_2ddc _cBK |
||
| 999 |
_c60749 _d60749 |
||